[Event "Rhein Main op-B 24th"]
[Site "Bad Homburg"]
[Date "2022.06.18"]
[Round "6"]
[White "Nichols, Uwe"]
[Black "Tobias, Karolin"]
[Result "1-0"]
[WhiteElo "1670"]
[BlackElo "1319"]
[PlyCount "41"]
[EventDate "2022.06.15"]
[EventType "swiss"]
[EventRounds "7"]
[EventCountry "GER"]
[SourceTitle "EXT 2023"]
[Source "ChessBase"]
[SourceDate "2022.10.05"]
[SourceVersion "1"]
[SourceVersionDate "2022.10.05"]
[SourceQuality "1"]

1. e4 e5 2. Nf3 Nc6 3. Bc4 Bc5 4. 0-0 Nf6 5. d3 0-0 6. Nc3 h6 7. a3 a5 8. Qe2 d6 9. Be3 Bxe3 10. fxe3 Bg4 11. h3 Bh5 12. Qf2 Qe7 13. Nh4 Bg6 14. Nxg6 Qd7 15. Nxf8 Rxf8 16. Ne2 Ne7 17. Ng3 Kh8 18. Nf5 Neg8 19. Qg3 Ne8 20. a4 c6 21. c3 1-0

[Event "Rhein Main op-B 24th"]
[Site "Bad Homburg"]
[Date "2022.06.16"]
[Round "3"]
[White "Goetz, Fenja"]
[Black "Tobias, Karolin"]
[Result "1-0"]
[WhiteElo "1631"]
[BlackElo "1319"]
[PlyCount "69"]
[EventDate "2022.06.15"]
[EventType "swiss"]
[EventRounds "7"]
[EventCountry "GER"]
[SourceTitle "EXT 2023"]
[Source "ChessBase"]
[SourceDate "2022.10.05"]
[SourceVersion "1"]
[SourceVersionDate "2022.10.05"]
[SourceQuality "1"]

1. e4 e5 2. Nf3 Nc6 3. d4 d6 4. Bb5 Bd7 5. Nc3 Nf6 6. d5 Ne7 7. Bxd7+ Qxd7 8. Be3 Ng6 9. h3 Be7 10. Qd2 0-0 11. 0-0 Rfe8 12. a4 Bf8 13. a5 a6 14. b4 Rec8 15. Rfb1 c6 16. Na4 Nxe4 17. Qd3 cxd5 18. Nb6 Qf5 19. Nxa8 Rxa8 20. Qxd5 Rb8 21. Rb3 Nf6 22. Qd2 Rc8 23. Rc1 h6 24. c4 Qe6 25. Qe2 Rd8 26. Bb6 Rd7 27. Re3 d5 28. Nxe5 Nxe5 29. Rxe5 Qc6 30. c5 d4 31. Rd1 Nd5 32. Qc4 Nxb6 33. axb6 Qf6 34. Rxd4 Qxe5 35. Rxd7 1-0

[Event "Heusenstamm Sparkassen op-B 6th"]
[Site "Heusenstamm"]
[Date "2019.11.24"]
[Round "7"]
[White "Tobias, Karolin"]
[Black "Moldenhauer, Nils"]
[Result "0-1"]
[WhiteElo "1261"]
[BlackElo "1453"]
[PlyCount "80"]
[EventDate "2019.11.21"]
[EventType "swiss"]
[EventRounds "7"]
[EventCountry "GER"]
[SourceTitle "CBM 194 Extra"]
[Source "ChessBase"]
[SourceDate "2020.03.31"]
[SourceVersion "1"]
[SourceVersionDate "2020.03.31"]
[SourceQuality "1"]

1. e4 e5 2. Nf3 Nc6 3. Bc4 Bc5 4. c3 Nf6 5. d3 d6 6. 0-0 0-0 7. Nbd2 a6 8. Re1 Na5 9. Bb3 Nxb3 10. Nxb3 Bb6 11. Bg5 h6 12. Bh4 Bg4 13. d4 Qe7 14. Qd3 Rfe8 15. Nbd2 Bd7 16. dxe5 dxe5 17. Bxf6 gxf6 18. Nh4 Be6 19. Qg3+ Kh7 20. Nf5 Bxf5 21. exf5 Qd7 22. Ne4 Qxf5 23. Qg4 Qg6 24. Qxg6+ Kxg6 25. Rad1 Rad8 26. g3 f5 27. Nd2 e4 28. Nc4 Bc5 29. b4 Be7 30. h4 Bf6 31. Rc1 Rd3 32. Re3 Red8 33. Kf1 Rxe3 34. fxe3 Rd3 35. Ke2 Bxc3 36. Kf2 f6 37. a3 b5 38. Na5 Bd2 39. Rf1 Rxa3 40. Nb7 Rxe3 0-1

[Event "Heusenstamm Sparkassen op-B 6th"]
[Site "Heusenstamm"]
[Date "2019.11.23"]
[Round "4"]
[White "Moissl, Julian"]
[Black "Tobias, Karolin"]
[Result "1-0"]
[WhiteElo "915"]
[BlackElo "1261"]
[PlyCount "63"]
[EventDate "2019.11.21"]
[EventType "swiss"]
[EventRounds "7"]
[EventCountry "GER"]
[SourceTitle "CBM 194 Extra"]
[Source "ChessBase"]
[SourceDate "2020.03.31"]
[SourceVersion "1"]
[SourceVersionDate "2020.03.31"]
[SourceQuality "1"]

1. d4 d5 2. c4 dxc4 3. Nc3 Nf6 4. Bg5 e6 5. e3 Be7 6. Bxc4 0-0 7. Nf3 b6 8. 0-0 Bb7 9. Re1 Nbd7 10. a3 c5 11. d5 exd5 12. Nxd5 Nxd5 13. Bxd5 Bxd5 14. Bxe7 Bxf3 15. Qxf3 Qxe7 16. Qb7 Qe6 17. Red1 Ne5 18. f4 Ng6 19. Rd3 Rfd8 20. Rad1 Rxd3 21. Qxa8+ Nf8 22. Rxd3 Qe7 23. Kf2 g6 24. b4 cxb4 25. axb4 Qxb4 26. Qxa7 Qc5 27. Rd8 Kg7 28. Kf3 Ne6 29. Rb8 Qh5+ 30. Kg3 g5 31. Qa1+ Kg6 32. Rg8+ 1-0

[Event "Heusenstamm Sparkassen op-B 5th"]
[Site "Heusenstamm"]
[Date "2018.11.24"]
[Round "4"]
[White "Eckhoff, Mathias"]
[Black "Tobias, Karolin"]
[Result "1-0"]
[WhiteElo "1463"]
[BlackElo "924"]
[PlyCount "67"]
[EventDate "2018.11.22"]
[EventType "swiss"]
[EventRounds "7"]
[EventCountry "GER"]
[SourceTitle "CBM 187 Extra"]
[Source "ChessBase"]
[SourceDate "2018.11.04"]
[SourceVersion "1"]
[SourceVersionDate "2018.11.04"]
[SourceQuality "1"]

1. e4 e5 2. Nf3 Nc6 3. Bc4 Bc5 4. c3 Nf6 5. d3 d6 6. 0-0 Bg4 7. Nbd2 d5 8. exd5 Nxd5 9. Re1 0-0 10. Qb3 Nb6 11. Nxe5 Nxe5 12. Rxe5 Qd6 13. d4 Bxd4 14. cxd4 Qxd4 15. Re3 Rfe8 16. Bxf7+ Kh8 17. Rxe8+ Rxe8 18. Bxe8 Qe5 19. Qe3 Qxe3 20. fxe3 Nd5 21. Ne4 h6 22. Bd2 Bf5 23. Ng3 Bd3 24. Rd1 c6 25. Bf7 Ne7 26. Bb4 Bg6 27. Bxe7 Bxf7 28. a3 Bg6 29. Rd7 Kh7 30. Rxb7 a6 31. Bf8 a5 32. Rxg7+ Kh8 33. Rxg6 a4 34. Ne4 1-0

[Event "Bad Soden U14 op 5th"]
[Site "Bad Soden"]
[Date "2018.10.03"]
[Round "9.12"]
[White "Czinkota, Michael"]
[Black "Tobias, Karolin"]
[Result "1-0"]
[WhiteElo "1267"]
[BlackElo "910"]
[PlyCount "131"]
[EventDate "2018.09.30"]
[EventType "swiss"]
[EventRounds "7"]
[EventCountry "GER"]
[SourceTitle "EXT 2020"]
[Source "ChessBase"]
[SourceDate "2019.10.17"]
[SourceVersion "1"]
[SourceVersionDate "2019.10.17"]
[SourceQuality "1"]

1. e4 e5 2. Nf3 Nc6 3. Bc4 Bc5 4. c3 Nf6 5. d3 d6 6. Bb3 Bg4 7. h3 Bh5 8. Nbd2 d5 9. exd5 Nxd5 10. Ne4 Bd6 11. Bxd5 0-0 12. Ng3 Bg6 13. 0-0 Ne7 14. Bb3 Nf5 15. Nxf5 Bxf5 16. Re1 Qf6 17. Bg5 Qg6 18. Qd2 h6 19. Nh4 Qh5 20. Bd1 Qxg5 21. Qxg5 hxg5 22. Nxf5 Rfe8 23. Bb3 Kh7 24. Nxd6 cxd6 25. Bxf7 Rf8 26. Bd5 Rh8 27. Bxb7 Raf8 28. Be4+ Kg8 29. Re3 Rf4 30. Rg3 Rh5 31. Re1 Kf7 32. Ree3 Kf6 33. Ref3 Rxf3 34. Rxf3+ Ke6 35. c4 Rh8 36. Rf5 g6 37. Rxg5 Rb8 38. Rxg6+ Kf7 39. Rxd6 Rxb2 40. Ra6 Rb1+ 41. Kh2 Rf1 42. Rxa7+ Kf6 43. Kg3 Kg5 44. a4 Kf6 45. a5 Ke6 46. Rc7 Kd6 47. Rc8 Kd7 48. Rc5 Kd6 49. Rb5 Kc7 50. a6 Ra1 51. Bb7 Kb8 52. h4 Ka7 53. h5 Rh1 54. Kg4 Rh2 55. Kg5 Rh1 56. h6 Rxh6 57. Kxh6 e4 58. dxe4 Kb8 59. Kg6 Ka7 60. e5 Kb8 61. e6 Ka7 62. e7 Kb8 63. e8Q+ Kc7 64. Qc6+ Kd8 65. Qd6+ Ke8 66. Bc6# 1-0

[Event "Bad Soden U14 op 5th"]
[Site "Bad Soden"]
[Date "2018.10.01"]
[Round "3.12"]
[White "Haller, Andreas"]
[Black "Tobias, Karolin"]
[Result "1-0"]
[WhiteElo "1185"]
[BlackElo "910"]
[PlyCount "77"]
[EventDate "2018.09.30"]
[EventType "swiss"]
[EventRounds "7"]
[EventCountry "GER"]
[SourceTitle "EXT 2020"]
[Source "ChessBase"]
[SourceDate "2019.10.17"]
[SourceVersion "1"]
[SourceVersionDate "2019.10.17"]
[SourceQuality "1"]

1. e4 e5 2. Nf3 Nc6 3. Bc4 Bc5 4. c3 Nf6 5. d4 exd4 6. cxd4 Bb4+ 7. Bd2 Bxd2+ 8. Nbxd2 d6 9. 0-0 0-0 10. e5 dxe5 11. dxe5 Nh5 12. Re1 Bg4 13. Qb3 Na5 14. Qb4 Nxc4 15. Qxc4 Be6 16. Qe4 f6 17. exf6 Rxf6 18. Ng5 Bf5 19. Qc4+ Kh8 20. Nf7+ Rxf7 21. Qxf7 Bg6 22. Qb3 Qxd2 23. Qxb7 Re8 24. Rxe8+ Bxe8 25. Qc8 Nf6 26. Qxc7 h5 27. Qxa7 Kh7 28. b3 Ng4 29. h3 Ne5 30. Qe7 Qe2 31. Qh4 Ng6 32. Qd4 Nh4 33. Qxh4 g6 34. f3 Kh6 35. Re1 Qxa2 36. Qf4+ g5 37. Qf6+ Bg6 38. Qh8+ Bh7 39. Re6# 1-0

[Event "Bad Soden U14 op 5th"]
[Site "Bad Soden"]
[Date "2018.10.01"]
[Round "4.20"]
[White "Tobias, Karolin"]
[Black "Gold, Jan Christian"]
[Result "0-1"]
[WhiteElo "910"]
[BlackElo "831"]
[PlyCount "136"]
[EventDate "2018.09.30"]
[EventType "swiss"]
[EventRounds "7"]
[EventCountry "GER"]
[SourceTitle "EXT 2020"]
[Source "ChessBase"]
[SourceDate "2019.10.17"]
[SourceVersion "1"]
[SourceVersionDate "2019.10.17"]
[SourceQuality "1"]

1. e4 e5 2. Nf3 Nc6 3. Bc4 Bc5 4. Nc3 Nf6 5. d3 a6 6. Bg5 b5 7. Bb3 a5 8. a3 b4 9. axb4 Bxb4 10. 0-0 Bb7 11. Nd5 d6 12. Nh4 Nd4 13. c3 Nxb3 14. Qxb3 Bc5 15. Qd1 Bxd5 16. exd5 0-0 17. Qf3 h6 18. Be3 Bxe3 19. fxe3 Nxd5 20. Nf5 Ne7 21. Qg4 Nxf5 22. Rxf5 g6 23. Rf3 c6 24. Raf1 Rb8 25. Qh3 Kg7 26. Qg4 Qg5 27. Qh3 h5 28. Rg3 Qh6 29. Qh4 f6 30. Rgf3 g5 31. Qc4 Rfc8 32. Qe6 Rf8 33. d4 Rxb2 34. Qxd6 exd4 35. cxd4 Rc2 36. e4 Qg6 37. e5 Qe4 38. exf6+ Kg8 39. f7+ Kg7 40. Qf6+ Kh7 41. Qxg5 Qg4 42. Rg3 Qxg5 43. Rxg5 a4 44. Rxh5+ Kg6 45. Rhf5 a3 46. h4 a2 47. Rg5+ Kh7 48. Kh2 Rb2 49. Kh3 Rb1 50. Rh5+ Kg7 51. Rg5+ Kh6 52. Rf6+ Kh7 53. Rh5+ Kg7 54. Rhh6 Rxf7 55. Rfg6+ Kf8 56. Rh8+ Ke7 57. Rxc6 a1Q 58. Rc7+ Kf6 59. Rxf7+ Kxf7 60. Rh7+ Kg6 61. Rd7 Rd1 62. Rd6+ Kf5 63. Rd5+ Ke4 64. Re5+ Kxd4 65. Re8 Qc3+ 66. g3 Rh1+ 67. Kg4 Rg1 68. Kh3 Qxg3# 0-1

[Event "Bad Soden U14 op 5th"]
[Site "Bad Soden"]
[Date "2018.09.30"]
[Round "1.8"]
[White "Tobias, Karolin"]
[Black "Abou Wally, Adrian"]
[Result "0-1"]
[WhiteElo "910"]
[BlackElo "1313"]
[PlyCount "52"]
[EventDate "2018.09.30"]
[EventType "swiss"]
[EventRounds "7"]
[EventCountry "GER"]
[SourceTitle "EXT 2020"]
[Source "ChessBase"]
[SourceDate "2019.10.17"]
[SourceVersion "1"]
[SourceVersionDate "2019.10.17"]
[SourceQuality "1"]

1. e4 e5 2. Nf3 Nc6 3. Bc4 Bc5 4. c3 Nf6 5. d4 exd4 6. cxd4 Bb4+ 7. Bd2 Bxd2+ 8. Nbxd2 d5 9. e5 dxc4 10. exf6 Qxf6 11. Qe2+ Qe6 12. Qxe6+ Bxe6 13. 0-0 0-0 14. Rac1 Na5 15. b4 cxb3 16. axb3 c6 17. Rc5 Nxb3 18. Nxb3 Bxb3 19. Rb1 Bd5 20. Ne5 b6 21. Rc3 Rac8 22. Re1 Rfe8 23. Ree3 c5 24. dxc5 Rxc5 25. Ra3 Rc1+ 26. Re1 Rxe1# 0-1